|
|
|
|
| LEADER |
00000nam a2200000 a 4500 |
| 001 |
vtls001183001 |
| 003 |
SK-MaSNL |
| 005 |
20260301094621.0 |
| 008 |
240315s1996 xo b r 0 slo |
| 015 |
|
|
|a SNBA1996/0501223
|
| 020 |
|
|
|a 8071641251
|c (230 výt.)
|
| 035 |
|
|
|a SNK000126050
|
| 040 |
|
|
|a SNK
|b slo
|c SNK
|e AACR2
|
| 041 |
0 |
|
|a slo
|
| 044 |
|
|
|a xo
|c SK
|
| 080 |
|
|
|a 93/99:371.27(072)
|2 1981
|
| 080 |
|
|
|a 371.27(072)
|2 1981
|
| 100 |
1 |
|
|a Mrázková, Viera
|4 aut
|9 45912
|
| 245 |
1 |
|
|a Maturitné skúšky a historické pramene
|n 4, tézy č. 17-18
|c Viera Mrázková, Dana Mrázková
|
| 260 |
|
|
|a Bratislava
|b Metodické centrum mesta Bratislavy
|c 1996
|
| 300 |
|
|
|a 30 listov v prebale
|b Mp., obr.
|c 30 cm
|
| 650 |
0 |
7 |
|a dejepis
|x maturitné skúšky
|x metodické materiály
|2 SNK
|9 62513
|
| 655 |
|
7 |
|a príručky
|2 SNK
|9 74364
|
| 700 |
1 |
|
|a Mrázková, Dana
|4 aut
|9 45911
|
| 919 |
|
|
|a 80-7164-125-1
|
| 999 |
|
|
|c 680821
|d 682751
|
| 952 |
|
|
|t P60, <09>, [BOOK], {629}
|a SNK
|b SNK
|y NEVYP
|7 0
|o snkB 325
|i snk1063/960313
|0 0
|1 0
|4 0
|d 1996-03-12
|l 0
|r 2005-01-01 00:00:00
|w 2026-02-23
|
| 952 |
|
|
|t P60, <03>, [BOOK], {603}
|a SNK
|b SNK
|y PREZ
|7 0
|p 17A0000928
|o snkSB 54310/4/17-18
|i snkKSP 2740/96
|0 0
|1 0
|4 0
|d 1996-03-12
|l 0
|r 2016-12-31 00:00:00
|w 2026-02-23
|
| 952 |
|
|
|t P60, <04>, [BOOK], {604}
|a SNK
|b SNK
|y VYP
|7 0
|p 17A0000929
|o snkSB 54310/4/17-18 D1
|i snkKSP 2741/96
|0 0
|1 0
|4 0
|d 1996-03-12
|l 0
|r 2005-01-01 00:00:00
|w 2026-02-23
|